S.O.S. - Jonas Brothers - All Lyrics - Statistics

General Stats
  • This quiz has been taken 70 times
  • The average score is 222 of 258
Answer Stats
Answer % Correct
a
100%
A
100%
an
100%
I
100%
I.M
100%
Ooh
100%
So,
100%
yeah
100%
is
97%
S.O.S
97%
this
97%
This
97%
don't
95%
Don't
95%
I'm
95%
(I'm
95%
it's
95%
It's
95%
my
95%
no
95%
on
95%
the
95%
for
92%
I'll
92%
me
92%
you
92%
and
89%
And
89%
get
89%
in
89%
like
89%
one
89%
all
86%
can't
86%
else
86%
gave
86%
never
86%
Now
86%
second
86%
your
86%
call
84%
Call
84%
guess
84%
broken
81%
friends
81%
glass
81%
heart's
81%
line,
81%
other
81%
two
81%
two,
81%
done
78%
done)
78%
find
78%
see
78%
Told
78%
true
78%
walking
78%
believe
76%
bottom
76%
half
76%
just
76%
time
76%
wanna
76%
where
76%
Better
73%
made
73%
That
73%
conversation
70%
crazy
70%
dinner
70%
ends
70%
miscommunication
70%
Next
70%
plans
70%
Well,
70%
FYI
68%
giving
68%
story
68%
With
68%
bled
65%
five
65%
high
65%
include
65%
conversations
62%
sorry
62%
'Cause
59%
empty
57%
are
51%
texting,
51%
awkward
49%
overrated,
49%
situations,
49%
hugs
41%
No matching quizzes found
Score Distribution
Percent of People with Each Score
Percentile by Number Answered
Your Score History
You have not taken this quiz